000 01074nam a22002417a 4500
005 20240305165426.0
007 cr|||| ||||
008 140917s2014 es |||||s|||| 00||0 spa d
020 _a978-84-941435-8-8
035 _a12392
040 _avLex
090 _c5169
_d5169
100 1 _aPolo Sabau, José Ramón
245 1 0 _aDimensiones de la libertad religiosa en el Derecho español
_h[Recurso electrónico] /
_cJosé Ramón Polo Sabau
256 _aServicio en línea
260 _aBarcelona:
_bJ.M. Bosch Editor,
_c2014
300 _a1 recurso electrónico
506 1 _aDisponible solo en los productos indicados
_dvLex Global
_dvLex Global (Academic Edition, excluding Law Schools)
_dvLex Global (U.S. Academic Edition, Law Schools)
_dvLex Global (U.S. Academic Edition, excluding Law Schools)
_dvLex Global (Academic Edition, Law Schools)
650 0 4 _aDerechos y Deberes fundamentales
_zEspaña
740 0 _avLex Libros (Servicio en línea)
856 4 0 _uhttps://app.vlex.com/#/sources/dimensiones-libertad-religiosa-derecho-espa-ol-12392
942 _cRAA
999 _c163516
_d163516